000 00303nam a2200133Ia 4500
100 _aSehr/David/ Banerjee/ Utpalete
942 _cBK
654 _aComputer
245 _aLectures Notes in Computer Science
260 _bSpringer
_aNew Delhi
_c1997
300 _a612
546 _aENGLISH
999 _c18421
_d18421